| 000 | 00442nam a22001577a 4500 | ||
|---|---|---|---|
| 005 | 20240109154341.0 | ||
| 008 | 190606b xxu||||| |||| 00| 0 eng d | ||
| 020 | _a978-93-86700-16-2 | ||
| 041 | _aeng | ||
| 100 |
_aGUPTA, DR.G.D. SHARMA, DR. SHAILESH AND SINGH, BALJEET _98366 |
||
| 245 | _aPRACTICAL MANUAL OF HOSPITAL AND CLINICAL PHARMACY | ||
| 250 | _a3rd Ed. 2019 | ||
| 260 |
_aPUNE _bNIRALI PRAKASHAN |
||
| 300 | _a74p, | ||
| 942 | _cBK | ||
| 999 |
_c5958 _d5956 |
||